| 000 | 00732nam a2200229Ia 4500 | ||
|---|---|---|---|
| 003 | GCL | ||
| 008 | 140319s9999 xx 000 0 ara d | ||
| 040 |
_aGCL / _cGCL |
||
| 082 | 0 | 4 |
_a950 _bف م |
| 100 | 1 | _aفاروق عثمان اباظه | |
| 245 | 1 | 0 |
_aمحاضرات فى تاريخ الشرق الاقصى / _cفاروق عثمان اباظه |
| 300 | _a293 ص | ||
| 490 |
_aالهيئة العامة للاستعلامات _v0 |
||
| 650 | 0 | 4 | _aتاريخ |
| 650 | 0 | 4 | _aالشرق الاقصى |
| 650 | 0 | 4 | _aالصين - تاريخ |
| 650 | 0 | 4 | _aاليابان - تاريخ |
| 650 | 0 | 4 | _aالهند - تاريخ |
| 650 | 0 | 4 | _aاندونسيا - تاريخ |
| 650 | 0 | 4 | _aالفلبين - تاريخ |
| 942 |
_2ddc _cBK |
||
| 999 |
_c49230 _d49230 |
||